Materials science of thin films (Record no. 352)

000 -LEADER
fixed length control field 00566nam a22002174a 4500
001 - CONTROL NUMBER
control field 352
003 - CONTROL NUMBER IDENTIFIER
control field BD-DhUET
008 - FIXED-LENGTH DATA ELEMENTS--GENERAL INFORMATION
fixed length control field 010328s2002 caua b 001 0 eng
020 ## - INTERNATIONAL STANDARD BOOK NUMBER
International Standard Book Number 9780125249850
020 ## - INTERNATIONAL STANDARD BOOK NUMBER
International Standard Book Number 9789381269534
040 ## - CATALOGING SOURCE
Original cataloging agency DLC
Transcribing agency 0
Modifying agency BD-DhUET
082 00 - DEWEY DECIMAL CLASSIFICATION NUMBER
Classification number 623.8152
Item number OHR/2002
100 ## - MAIN ENTRY--PERSONAL NAME
Personal name Ohring, Milton
245 10 - TITLE STATEMENT
Title Materials science of thin films
Remainder of title deposition and structure
250 ## - EDITION STATEMENT
Edition statement 2nd ed.
260 ## - PUBLICATION, DISTRIBUTION, ETC. (IMPRINT)
Place of publication, distribution, etc. New Delhi
Name of publisher, distributor, etc. Academic Press
Date of publication, distribution, etc. 2002
300 ## - PHYSICAL DESCRIPTION
Extent xxi, 794 p.
Other physical details
504 ## - BIBLIOGRAPHY, ETC. NOTE
Bibliography, etc Includes bibliographies
650 #0 - SUBJECT ADDED ENTRY--TOPICAL TERM
Topical term or geographic name as entry element Thin films
942 ## - ADDED ENTRY ELEMENTS (KOHA)
Koha item type General Book
Holdings
Not for loan Location (home branch) Sublocation or collection (holding branch) Withdrawn status Koha full call number Date acquired Koha date last seen Koha date last borrowed Piece designation (barcode) Damaged status Copy number Koha item type Price effective from Shelving location Koha issues (times borrowed) Lost status Koha normalized classification for sorting Source of classification or shelving scheme Koha out on loan
 Central Library, BUETCentral Library, BUET 623.8152/OHR/20022014-07-202014-07-20 111604 1General Book2014-07-20Circulation section  623_000000000000000_8152OHR200  
 Central Library, BUETCentral Library, BUET 623.8152/OHR/20022016-06-182024-06-122023-11-08114734 2General Book2016-10-02Circulation section1 623_815200000000000_OHR_2002  
 Central Library, BUETCentral Library, BUET 623.8152/OHR/20022016-06-182024-01-132024-01-13114735 3General Book2016-10-02Circulation section1 623_815200000000000_OHR_2002 2025-01-12
 Central Library, BUETCentral Library, BUET 623.8152/OHR/20022018-06-272018-09-22 116652 4General Book2018-09-22Reading section  623_815200000000000_OHR_2002